Рациональное природопользование: [учебное пособие]

Detalhes bibliográficos
Autor principal: Тетельмин В. В. Владимир Владимирович
Outros Autores: Язеев В. А. Валерий Афонасьевич
Resumo:В учебном пособии описывается круговорот вещества и энергии в биосфере, дается характеристика биосферы как планетарной организации жизни, а также созданной человеком "второй природы" — техносферы. Рассматриваются различные виды природных ресурсов и техногенного воздействия на окружающую среду и основные проявления глобального экологического кризиса. Приводится анализ правовых аспектов охраны окружающей среды и функции государства по управлению природопользованием. В книге представлена примерная картина будущей экологически устойчивой экономики — сферы разума. Для студентов и преподавателей общетехнических, биологических и экологических специальностей.
Idioma:russo
Publicado em: Долгопрудный, Интеллект, 2012
Assuntos:
Formato: MixedMaterials Livro
KOHA link:https://koha.lib.tpu.ru/cgi-bin/koha/opac-detail.pl?biblionumber=213681

MARC

LEADER 00000nam0a2200000 4500
001 213681
005 20231101225832.0
010 |a 9785915591225 
035 |a (RuTPU)RU\TPU\book\233494 
090 |a 213681 
100 |a 20120416d2012 m y0rusy50 ca 
101 0 |a rus 
102 |a RU 
105 |a y j 001zy 
200 1 |a Рациональное природопользование  |e [учебное пособие]  |f В. В. Тетельмин, В. А. Язеев 
210 |a Долгопрудный  |c Интеллект  |d 2012 
215 |a 288 с. 
320 |a Библиогр.: с. 286-287. 
330 |a В учебном пособии описывается круговорот вещества и энергии в биосфере, дается характеристика биосферы как планетарной организации жизни, а также созданной человеком "второй природы" — техносферы. Рассматриваются различные виды природных ресурсов и техногенного воздействия на окружающую среду и основные проявления глобального экологического кризиса. Приводится анализ правовых аспектов охраны окружающей среды и функции государства по управлению природопользованием. В книге представлена примерная картина будущей экологически устойчивой экономики — сферы разума. Для студентов и преподавателей общетехнических, биологических и экологических специальностей. 
512 1 |a Основы рационального природопользования 
606 1 |a Рациональное природопользование  |2 stltpush  |3 (RuTPU)RU\TPU\subj\68386  |9 83754 
610 1 |a природопользование 
610 1 |a биосфера 
610 1 |a геосферы 
610 1 |a литосфера 
610 1 |a гидросфера 
610 1 |a атмосфера 
610 1 |a техносфера 
610 1 |a живая материя 
610 1 |a фотосинтез 
610 1 |a круговород веществ 
610 1 |a природные ресурсы 
610 1 |a лесные ресурсы 
610 1 |a водные ресурсы 
610 1 |a биологические ресурсы 
610 1 |a топливно-энергетические ресурсы 
610 1 |a рудные ресурсы 
610 1 |a техногенные загрязнения 
610 1 |a глобальный экологический кризис 
610 1 |a управление 
610 1 |a правовая охрана 
610 1 |a экологическая экономика 
610 1 |a ноосфера 
610 1 |a налоги 
610 1 |a учебные пособия 
675 |a 504.062(075.8)  |v 3 
700 1 |a Тетельмин  |b В. В.  |g Владимир Владимирович 
701 1 |a Язеев  |b В. А.  |g Валерий Афонасьевич 
801 1 |a RU  |b 63413507  |c 20120416 
801 2 |a RU  |b 63413507  |c 20150428  |g RCR 
900 |a Рациональное природопользование 
942 |c BK 
959 |a 57/20120416  |d 5  |e 671,00  |f ЧЗТЛ:1  |f АНЛ:1  |f УФ:3 
959 |a 128/20121009  |d 10  |e 700,00  |f УФ:10